Estaciones del Metro de Valencia en un Mapa - Estadísticas

Estadísticas generales
  • Esta prueba ha sido intentada 2.069 veces
  • La puntuación promedio es 45 de 135
Estadísticas de respuestas
% Correcto
Colón
84%
Xàtiva
84%
Àngel Guimerà
83%
Alameda
77%
Torrent
76%
Aeroport
75%
Benimaclet
70%
Facultats
68%
Jesús
68%
Empalme
67%
Túria
67%
Llíria
64%
Bétera
62%
Burjassot
61%
Campanar
61%
Amistat-Casa de Salud
60%
Aragón
59%
Mislata
59%
Torrent Avinguda
59%
Patraix
57%
Bailén
56%
Manises
56%
Paterna
56%
Rafelbunyol
55%
Paiporta
54%
Ayora
53%
Pl. Espanya
53%
Beniferri
51%
Nou d'Octubre
50%
Marítim-Serrería
49%
Picanya
48%
Quart de Poblet
47%
Avinguda del Cid
46%
Godella
46%
Machado
46%
Pont de Fusta
45%
València Sud
45%
Riba-roja de Túria
43%
Safranar
43%
Seminari-CEU
43%
La Carrasca
42%
Sant Isidre
42%
Tarongers
42%
Fira València
41%
Picassent
41%
Benimàmet
40%
Benicalap
38%
Rosas
38%
Foios
37%
Universitat Politècnica
37%
Burjassot-Godella
36%
Reus
36%
Alboraya-Peris Aragó
35%
L'Eliana
35%
Massamagrell
33%
Rocafort
33%
Sagunt
33%
Marxalenes
32%
Meliana
32%
Mislata-Almassil
32%
Salt de l'Aigua
32%
Doctor Lluch
31%
Faitanar
31%
Museros
31%
Alboraya-Palmaret
29%
Almàssera
29%
La Cadena
29%
La Granja
29%
Mas del Rosari
29%
Massarrojos
29%
Villanueva de Castellón
29%
La Canyada
28%
La Coma
27%
La Pobla de Farnals
27%
Cantereria
26%
Carlet
26%
Florista
26%
Tossal del Rei
26%
Vicente Zaragozá
26%
Palau de Congressos
25%
Vicent Andrés Estellés
25%
Campament
24%
Moncada-Alfara
24%
Orriols
24%
Alberic
23%
Garbí
23%
La Pobla de Vallbona
23%
Masies
23%
Alginet
22%
Campus
22%
L'Alcúdia
21%
Fuente del Jarro
20%
Trànsits
20%
Albalat dels Sorells
19%
Primat Reig
19%
Santa Rita
19%
Sant Joan
19%
Serrería
19%
La Marina
18%
Alfauir
17%
Benimodo
17%
El Clot
17%
Entrepins
17%
Horta Vella
17%
La Cova
17%
Les Arenes
17%
Les Carolines-Fira
16%
Ausiàs March
15%
La Presa
15%
La Vallesa
15%
Omet
15%
Espioca
14%
Marina Reial Joan Carles I
14%
Montesol
14%
TVV
14%
Francesc Cubells
13%
Massalavés
13%
Realón
13%
Sant Ramon
13%
València La Vella
13%
Estadi del Llevant
12%
Montortal
12%
Sant Miquel dels Reis
12%
Lloma Llarga-Terramelar
11%
Masia de Traver
11%
Tomás y Valiente
11%
Torre del Virrei
11%
Font Almaguer
10%
Grau-Canyamelar
10%
Col·legi El Vedat
9%
Mediterrani
9%
Benaguasil 1r
6%
Benaguasil 2n
6%
Santa Gemma-Parc Científic UV
6%
Eugenia Viñas
4%
No se encontraron pruebas coincidentes
Distribución de puntuación
Porcentaje de gente con cada puntuación
Porcentaje por número respondido
Historial de tus puntuaciones
No has intentado esta prueba.